000 01102nas a2200349 4500
001 BR2012000916
003 BR-BrBNA
005 20231205120135.0
007 ta
008 230509b bl.|||p| |||| 00| 00por d
040 _aBR-BrBNA
_bpor
_cBiblioteca Nacional de Agricultura
041 _a(En)
072 _aL10
100 1 _aTavares, R.A.
100 1 _aNunes, M.D.
100 1 _aAlmeida, D.B.
100 1 _aSilva, J.C.
100 1 _aVaz, B.S.
100 1 _aMoreira, C.G.A.
100 1 _aDionello, N.J.L.
100 1 _aPiedras, S.R.N.
100 1 _aMoreira, H.L.M.
245 1 _aUtilization of microsatellite markers to form families of "pejerrey" Odontesthes banariensis in a genetic breeding program
650 _aPEIXE-BOI
650 _aODONTESTHES BONARIENSIS
650 _aMELHORAMENTO GENÉTICO ANIMAL
650 _aLINHAGEM
650 _aPOLIMORFISMO
773 0 _tArquivo Brasileiro de Medicina Veterinária e Zootecnia (Brazil)
_xISSN 0102-0935
_g(Oct 2011), v. 63(5) p. 1263-1267
_wBR2012000916
909 _a202311
_bLúcia
_c55
_dLúcia Elande
942 _2AGRIS
_n0
_cANA
999 _c217190
_d217190